Big US Geography Quiz Stats

 Plays Quiz Updated Jun 12, 2017

Also try: Small US Geography
Challenge
Share
Tweet
Embed
Score 0/15 Timer 05:00
7 Plays Today
Hint State % Correct
StateAlaska
96.5%
New England StateMaine
90.2%
State Bordering a Great LakeMinnesota
79.8%
Landlocked StateMontana
72.3%
State with a Cardinal Direction (East, South, West, North) in its NameSouth Dakota
70.9%
State Bordering TennesseeMissouri
61.2%
State Containing a 'y' in Its NameWyoming
51.7%
State Bordered by Exactly Three Other StatesCalifornia
49.5%
Hint State % Correct
State Admitted to the Union Before 1800Georgia
47%
State Without an 'a' in Its NameNew Mexico
42.1%
State Containing Only One Big Four (NFL, NBA, MLB, NHL) Sports TeamNevada
40.2%
State Referred to as a 'Commonwealth'Pennsylvania
39.6%
State Whose Capital Begins with a VowelTexas
37.9%
State Whose Capital is its Largest City (Excluding Metropolitan Areas)Arizona
31.7%
8-Letter StateColorado
25.1%

You're not logged in!

Compare scores with friends on all Sporcle quizzes.
OR
Log In

You Might Also Like...

Show Comments

Extras

Top Quizzes Today


Score Distribution

Your Account Isn't Verified!

In order to create a playlist on Sporcle, you need to verify the email address you used during registration. Go to your Sporcle Settings to finish the process.

Report this User

Report this user for behavior that violates our Community Guidelines.

Details: